000 00520nam a2200193Ia 4500
003 GCL
008 140319s9999 xx 000 0 eng d
040 _aGCL /
_cGCL
082 0 4 _a412
_bG C
100 1 _aWHITCUT, JANET
245 1 0 _aTHE COMPLETE PLAIN WORDS /
_cWHITCUT, JANET
700 1 _aGOWERS, ERNEST
700 1 _aGEENBALLM, SIDNEY
260 _a[S.N] :
_bHER MAJESTY S STATIONERY EFFICE ،
_c1986
300 _a288 P
650 0 4 _aENCYCLOPEDIAS AND DICTIONARIES
650 0 4 _aLANGUAGES
942 _2ddc
_cBK
999 _c17090
_d17090